Target 2011 a complete refesher : (Record no. 37007)

MARC details
000 -LEADER
fixed length control field 00891nam a22002537a 4500
005 - DATE AND TIME OF LATEST TRANSACTION
control field 20100716141745.0
008 - FIXED-LENGTH DATA ELEMENTS--GENERAL INFORMATION
fixed length control field 100716t xxu||||| |||| 00| 0 eng d
010 ## - LCCN (DPL NO)
LC control number ENG-96412
020 ## - INTERNATIONAL STANDARD BOOK NUMBER
International Standard Book Number 9780070703322
Terms of availability 255.00
020 ## - INTERNATIONAL STANDARD BOOK NUMBER
International Standard Book Number 0070703329
Terms of availability 255.00
035 ## - SYSTEM CONTROL NUMBER
System control number EN-79945
037 ## - SOURCE OF ACQUISITION
Source of stock number/acquisition D.B.Act / Pub
040 ## - CATALOGING SOURCE
Original cataloging agency Dpl
Language of cataloging Eng
082 ## - DEWEY DECIMAL CLASSIFICATION NUMBER
Classification number 500
100 ## - MAIN ENTRY--PERSONAL NAME
Personal name Malhotra, Stalin
245 ## - TITLE STATEMENT
Title Target 2011 a complete refesher :
Statement of responsibility, etc by Stalin Malhotra, Prem Dhawan [and] Satish Arora
Remainder of title science for class X /
260 ## - PUBLICATION, DISTRIBUTION, ETC. (IMPRINT)
Place of publication, distribution, etc New Delhi
Name of publisher, distributor, etc Tata McGraw-Hill Publishing
Date of publication, distribution, etc 2010
270 ## - ADDRESS
Address 7, West Patel Nagar
City New Delhi
State or province Delhi
Postal code 110008
300 ## - PHYSICAL DESCRIPTION
Extent 582 p.
Dimensions 24 cm. (pbk)
700 ## - ADDED ENTRY--PERSONAL NAME
Personal name Dhawan, Prem
700 ## - ADDED ENTRY--PERSONAL NAME
Personal name Arora, Satish
942 ## - ADDED ENTRY ELEMENTS (KOHA)
Institution code [OBSOLETE] dpl
Item type English Books
Source of classification or shelving scheme Dewey Decimal Classification
Classification part 500
Call number suffix MAL
Holdings
Withdrawn status Lost status Source of classification or shelving scheme Damaged status Not for loan Collection code Home library Current library Date acquired Source of acquisition Cost, normal purchase price Total Checkouts Full call number Barcode Date last seen Copy number Cost, replacement price Koha item type
    Dewey Decimal Classification   Not For Loan Non-fiction D.B.Act.Division D.B.Act.Division 16/07/2010 DBAD/PUB 255.00   500 MAL EN-79945 16/07/2010 1 255.00 English Books

© Delhi Public Library
Hit Counter
free hit counter